000
00229nam a2200097Ia 4500
008
120527s9999 xx 000 0 und d
100
_a
O'SULLIVAN,.
245
_a
Urban economics 4th edition.
260
_b
Mcgraw-hill
942
_c
BK
999
_c
24091
_d
24091